Closest English Football Stadiums - Statistics

General Stats
  • This quiz has been taken 120 times
    55 since last reset
  • The average score is 11 of 20
Answer Stats
Distance (mi) Stadiums % Correct
0.8 Anfield
98%
0.8 Goodison Park
95%
4 Emirates Stadium
91%
5.2 Old Trafford
89%
5.2 Etihad Stadium
86%
1.6 Stamford Bridge
84%
4 Tottenham Hotspur Stadium
80%
1.6 Craven Cottage
68%
4 Villa Park
55%
0.4 City Ground
52%
3.5 St. Andrew's
41%
3.8 Bramall Lane
36%
3.8 Hillsborough Stadium
34%
3.9 The Den
34%
0.4 Meadow Lane
30%
4 The Hawthorns
30%
3.9 The Valley
27%
4.8 Ashton Gate Stadium
20%
4.8 Memorial Stadium
14%
3.5 Villa Park
7%
No matching quizzes found
Score Distribution
Percent of People with Each Score
Percentile by Number Answered
Your Score History
You have not taken this quiz since the last reset